00525nam a2200181Ia 450000500170000000800410001702000150005808200130007310000180008624500200010425000080012426000400013230000130017250000400018594200060022595200970023199900150032820250516021826.0240331s9999 xx 000 0 und d a9552098386 bARIa294 aAriyarathne,S 0aDemala baudyaya a2nd aColombobS. Godage & Brothersc2008 a300 p ., aA Book on Buddhism with Tamil nadu cL 001040708LaWERCLbWERCLcSSCd2024-03-31l0o 294.3 ARIp4133r2024-03-31w2024-03-31yL c4953d4953